Así habló Zaratustra: Un libro para todos y para nadie.

Gorde:
Xehetasun bibliografikoak
Egile nagusia: Nietzsche, Friedrich 1844-1900 (Friedrich Wilhelm) (autor)
Formatua: Liburua
Hizkuntza:gaztelania
Argitaratua: Madrid, España: Alianza Editorial, 2011.
Edizioa:Tercera edición.
Saila:El Libro de Bolsillo
Gaiak:
Etiketak: Etiketa erantsi
Etiketarik gabe, Izan zaitez lehena erregistro honi etiketa jartzen!

MARC

LEADER 00000cam a2200000 a 4500
001 UCD7494
003 CL-VaPUC
005 20250321101911.0
008 170326t20110000sp |||||||||||||||||spa|d
999 |c 367510  |d 367508 
020 |a 9788420650913 
040 |c Pontificia Universidad Católica de Valparaíso 
082 0 4 |a 193 NIE 2011  |2 21 
100 |9 858277  |a Nietzsche, Friedrich  |d 1844-1900  |e autor  |q (Friedrich Wilhelm)  
245 1 0 |a Así habló Zaratustra:  |b Un libro para todos y para nadie. 
250 |a Tercera edición. 
260 |a Madrid, España:  |b Alianza Editorial,  |c 2011. 
300 |a 556 páginas. 
490 0 |a El Libro de Bolsillo 
500 |a c.2-c.4 Instituto Arcos. 08-01-2025.  
583 |a last modification  |c 20170326 03:36:00  |k Rodrigo Vera 
650 0 |a Filosofía alemana   |9 265002 
650 0 |a Filósofos alemanes   |2 CL-VaPUC  |9 345964 
942 |c BK  |2 ddc  |n 0 
945 |d 20170326 03:36:00  |a arojas 
952 |0 0  |1 0  |3 erb  |4 0  |6 193_000000000000000_NIE_2011  |7 0  |8 A  |9 482425  |a BIBEDU  |b BIBEDU  |i 5367689  |l 5  |m 1  |o 193 NIE 2011  |p 5367689  |r 2024-06-25  |s 2024-06-18  |w 2019-11-24  |y BK  |z Catalogado en:20170326  |k FIL 
952 |0 0  |1 0  |2 ddc  |4 0  |6 193_000000000000000_NIE_2011  |7 0  |8 A  |9 598978  |a BIBINC  |b BIBINC  |d 2025-01-08  |e Instituto Arcos  |i 5663920  |l 2  |m 2  |o 193 NIE 2011  |p 5663920  |q 2025-04-18  |r 2025-03-27  |s 2025-03-27  |t 2  |w 2025-01-08  |y BK  |k IFP 
952 |0 0  |1 0  |2 ddc  |4 0  |6 193_000000000000000_NIE_2011  |7 0  |8 A  |9 598979  |a BIBINC  |b BIBINC  |d 2025-01-08  |e Instituto Arcos  |i 5663922  |l 4  |m 2  |o 193 NIE 2011  |p 5663922  |q 2025-05-13  |r 2025-05-06  |s 2025-05-06  |t 3  |w 2025-01-08  |y BK  |k IFP 
952 |0 0  |1 0  |2 ddc  |4 0  |6 193_000000000000000_NIE_2011  |7 0  |8 A  |9 598980  |a BIBINC  |b BIBINC  |d 2025-01-08  |e Instituto Arcos  |i 5663921  |l 5  |m 2  |o 193 NIE 2011  |p 5663921  |r 2025-05-06  |s 2025-04-21  |t 4  |w 2025-01-08  |y BK  |k IFP